Las bordadoras = Brodeuses /
Salvato in:
| Autore principale: | |
|---|---|
| Altri autori: | , , , , , , , |
| Natura: | |
| Lingua: | francese |
| Pubblicazione: |
París, Francia : Lyon, Francia :
Sombrero Productions : Mallia Films ; Rhône-Alpes Cinéma,
2004, c2004
|
| Soggetti: | |
| Tags: |
Nessun Tag, puoi essere il primo ad aggiungerne!!
|
MARC
| LEADER | 00000ngm^a2200000^a^4500 | ||
|---|---|---|---|
| 001 | 000187928 | ||
| 005 | 20250521000000.0 | ||
| 009 | 20260310102321.019 | ||
| 037 | |a Acervo ITESO - Biblioteca | ||
| 041 | |a FRA | ||
| 082 | |a 840. |b FAU | ||
| 100 | |a Faucher, Eléonore |e (realización) | ||
| 245 | 1 | 4 | |a Las bordadoras = |b Brodeuses / |c Realización de E. Faucher. |
| 264 | 4 | |a París, Francia : |b Sombrero Productions : |b Mallia Films ; |a Lyon, Francia : |b Rhône-Alpes Cinéma, |c 2004, c2004 | |
| 264 | 2 | |a México : |b Séptimo Arte [distribución], |c 2004, c2004 | |
| 300 | |a 1 DVD regiones 1 y 4 |c (84 min.) | ||
| 336 | |a imagen móvil bidimensional |b tdi |2 rdacontenido | ||
| 337 | |a video |b v |2 rdamedio | ||
| 338 | |a videodisco |b vd |2 rdasoporte | ||
| 546 | |a En armenio y francés, con subtítulos opcionales: español | ||
| 586 | |a Premio de la Academia Europea de Cine (17°: 2004): Descubrimiento Europeo del Año – Premio Fassbinder (finalista) | ||
| 586 | |a Premio César, de la Academia Francesa de Cine (30°: 2005): Mejor Opera Prima (finalista) | ||
| 649 | |a XX | ||
| 650 | |a Madres Solteras en el Cine | ||
| 650 | |a Adolescentes en el Cine | ||
| 650 | |a Sastres y Costureras en el Cine | ||
| 650 | |a Gremios y Oficios en el Cine | ||
| 650 | |a Dramas Cinematográficos | ||
| 650 | |a Opera Prima | ||
| 650 | |a Cine de Mujeres - |z Francia | ||
| 650 | |a Cine Francés - |y 2000-2009 | ||
| 650 | |a Cine Francés - |y Siglo XXI | ||
| 650 | |a Embarazo Adolescente | ||
| 650 | |a Maternidad | ||
| 650 | |a Relaciones Padres-Hijos | ||
| 650 | |a Amistad | ||
| 650 | |a Comunicación Personal | ||
| 650 | |a Duelo | ||
| 650 | |a Muerte | ||
| 650 | |a Bordado y Labores de Aguja | ||
| 650 | |a Prácticas Culturales | ||
| 700 | |a Faucher, Eléonore |e (guión) | ||
| 700 | |a Macé, Gaëlle |e (guión) | ||
| 700 | |a Cottereau, Pierre |e (fotógrafo) | ||
| 700 | |a Effenterre, Joële van |e (montaje) | ||
| 700 | |a Galasso, Michael |e (música) | ||
| 700 | |a Ascaride, Ariane |e (actuación) | ||
| 700 | |a Naymark, Lola |e (actuación) | ||
| 700 | |a Laroppe, Thomas |e (actuación) | ||
| 910 | |a Fondo General | ||
| 920 | |a Audiovisuales - DVDs | ||
| 940 | |a Películas | ||
| 905 | |a 302 | ||
| 901 | |a 0500088814 |b IT2 |c DVS |u 20250521 | ||
| 902 | |a https://opac.biblio.iteso.mx/vufind/Record/000187928 | ||